=LDR 00000nam 2200000 4500 =001 INLIS000000000810515 =005 20260208101926 =035 ##$$a 0010-0226000018 =007 ta =008 260208###########################0#ara## =082 ##$$a 297.072 =084 ##$$a 297.072 AKR m =100 #$$a Muhammad Imtiyaaz Hadiputra =245 1#$$a Sebab Munculnya LGBT Di Lingkungan Pondok Pesantren /$c Eka Bagus Mahardika, S.S =260 ##$:$b PIAT 7,$c 2024 =300 ##$$a 15 hlm ; $c 21 x 29,7 cm.